Statistiques concernant La Première Guerre mondiale

Cliquez ici pour prendre le quiz!

Statistiques générales

  • Ce quiz a été pris 114 fois
  • Le résultat moyen est 5 sur 11

Statistiques - réponses

EvènementsPrécisionDates% Correct
Signature de l’armistice.Jour, mois et année11 novembre 1918
80%
Attentat de Sarajevo et assassinat de l’archiduc François-Ferdinand, héritier au trône austro-hongrois par un nationaliste Serbe.Jour, mois et année28 juin 1914
75%
Bataille de Verdun, victoire française.Mois et annéeFévrier 1916- Décembre 1916
71%
Révolution communiste russe.Mois et annéeOctobre 1917
66%
Signature du traité de Versailles.Jour, mois et année28 juin 1919
43%
Bataille de la Somme, victoire de l’Entente (quelques mètres gagnés), plus d’un million de morts.Mois et annéeJuillet 1916- Novembre 1916
43%
Bataille de la Marne et localisation du front occidental après la victoire du maréchal Joffre (France).Mois et annéeSeptembre 1914
42%
Bataille de Tannenberg et localisation du front oriental après la défaite russe.Mois et annéeAoût 1914
38%
Traité de paix de Brest-Litovsk, retrait russe de la guerre et disparition du front oriental.Mois et annéeMars 1918
35%
Déclaration de la guerre à outrance sous-marine par l’Allemagne.Mois et annéeJanvier 1917
31%
Entrée en guerre des Etats-Unis après le torpillage du Lusitania qui avait à son bord deux cents civils Américains.Jour, mois et année6 avril 1917
15%

Distribution des résultats

Percentile par nombre de réponses

% des personnes avec chaque résultat

Votre développement - résultats

Vous n’avez pas pris ce quiz